{"text_format":"1","workbook":"xlsx","n_sheets":5,"sheets":["Накладные","Сверка","Пример","Для печати","Печать"],"not_rendered":{"charts":0,"images":0,"macros":1,"external_links":1,"defined_names":1,"comments":0,"pivot_tables":0},"unopened":[],"bounds":{"document_bytes":16777216,"sheet_cells":100000,"rows_first":2000,"rows_last":500,"rows_between":2000,"halvings":0,"cell_chars":16384,"cell_head_chars":4096},"cells_cut":0,"cells_raw":0,"read":"whole","date_system":"1900"}

{"sheet":"Накладные","index":0,"n_rows":32,"n_cols":19,"rows_kept":32,"cut":false,"hidden":false,"merged":[]}
[]
["$","М",null,null,null,null,null,null,"Курс","      ",null,null,null,null,null,"Остаток","           "]
["Дата","Наименование","Ед.изм","Кол-во","Цена","Склад","Литера","Цех","$","Приход",null,null,"Расход",null,null,"AZM","                Долг",null,"Примечание"]
["2017-02-01",null,null,null,null,null,null,null,0.81,null,null,0,null,null,0,0,null,0]
["2017-02-01","Sərmayə",null,null,null,null,null,"KM",0.81,3000,null,2430,0,null,0,3000,null,3000]
["2017-02-01","Şüşə 8 mm (radaj,polir.,temp.)","m2",9.3800000000000008,35,null,null,"KM",0.81,null,null,0,328.3,null,265.923,2671.7,null,2671.7]
["2017-02-01","Tinlərin sınması","əd",336,0.8,null,null,"KM",0.81,null,null,0,268.8,null,217.72800000000004,2402.8999999999996,null,2402.8999999999996]
["2017-02-01","Şüşə 10 mm (radaj,polir.,temp.)","m2",7.68,41,null,null,"KM",0.81,null,null,0,314.88,null,255.05280000000002,2088.0199999999995,null,2088.0199999999995]
["2017-02-01","Tinlərin sınması","əd",64,0.8,null,null,"KM",0.81,null,null,0,51.2,null,41.472000000000008,2036.8199999999995,null,2036.8199999999995]
["2017-02-01","Tabletka (lazer) Ф50","əd",120,0.5,null,null,"KM",0.81,null,null,0,60,null,48.6,1976.8199999999995,null,1976.8199999999995]
["2017-02-01","Tabletka (lazer) Ф20","əd",350,0.36,null,null,"KM",0.81,null,null,0,126,null,102.06,1850.8199999999995,null,1850.8199999999995]
["2017-02-02","KM/MT (noyabr 2012)",null,null,null,null,null,"KM",0.81,null,null,0,1761,null,1426.41,89.819999999999482,null,89.819999999999482]
["2017-02-03","D&S (noyabr 2012)",null,null,null,null,null,"KM",0.81,4966.7,null,4023.027,0,null,0,5056.5199999999995,null,5056.5199999999995]
["2017-02-04","Şüşə 8 mm","m2",2,26,null,null,"KM",0.81,null,null,0,52,null,42.120000000000005,5004.5199999999995,null,5004.5199999999995]
["2017-02-05","Rodaj-polirovka","m",8,1.7,null,null,"KM",0.81,null,null,0,13.6,null,11.016,4990.9199999999992,null,4990.9199999999992]
["2017-02-06","Şüşələr (S/M \"Nant\")","komp",20,27,null,null,"KM",0.81,null,null,0,540,null,437.40000000000003,4450.9199999999992,null,4450.9199999999992]
["2017-02-07","Şüşələr stend \"Super market\" üçün","komp",50,20.5,null,null,"KM",0.81,null,null,0,1025,null,830.25,3425.9199999999992,null,3425.9199999999992]
["2017-02-08","KM/MB (noyabr 2012)",null,null,null,null,null,"KM",0.81,null,null,0,18,null,14.580000000000002,3407.9199999999992,null,3407.9199999999992]
["2017-02-08","KM/R (noyabr 2012)",null,null,null,null,null,"KM",0.81,null,null,0,45,null,36.450000000000003,3362.9199999999992,null,3362.9199999999992]
["2017-02-08","KM/Ş (noyabr 2012)",null,null,null,null,null,"KM",0.81,null,null,0,984,null,797.04000000000008,2378.9199999999992,null,2378.9199999999992]
["2017-02-08","Sərmayə (reklam sexindən)",null,null,null,null,null,"KM",0.81,7000,null,5670,0,null,0,9378.9199999999983,null,9378.9199999999983]
["2017-02-08","Boru Ф13mm","m",4296,1.6,null,null,"KM",0.81,null,null,0,6873.6,null,5567.6160000000009,2505.3199999999979,null,2505.3199999999979]
["2017-02-08","Şüşələr (S/M \"Ulduz\")","komp",50,15,null,null,"KM",0.81,null,null,0,750,null,607.5,1755.3199999999979,null,1755.3199999999979]
["2017-02-08","KM/Ş (dekabr 2012)",null,null,null,null,null,"KM",0.81,null,null,0,13.2,null,10.692,1742.1199999999978,null,1742.1199999999978]
["2017-02-08","KM/MB (deabr 2012)",null,null,null,null,null,"KM",0.81,null,null,0,107.5,null,87.075000000000003,1634.6199999999978,null,1634.6199999999978]
["2017-02-08","KM/R (dekabr 2012)",null,null,null,null,null,"KM",0.81,null,null,0,475,null,384.75,1159.6199999999978,null,1159.6199999999978]
["2017-02-08","Şüşələr \"Piramida\" (280AZN)","komp",1,47,null,null,"KM",0.81,null,null,0,47,null,38.07,1112.6199999999978,null,1112.6199999999978]
["2017-02-08","D&S (dekabr 2012)",null,null,null,null,null,"KM",0.81,1561.2,null,1264.5720000000001,null,null,0,2673.8199999999979,null,2673.8199999999979]
["2017-02-08","D&S (yanvar 2013)(hissə)",null,null,null,null,null,"KM",0.81,14764.6,null,11959.326000000001,0,null,0,17438.419999999998,null,17438.419999999998]
["2017-02-09","KM/MT (yanvar 2013)",null,null,null,null,null,"KM",0.81,null,null,0,12503,null,10127.43,4935.4199999999983,null,4935.4199999999983]
["2017-02-10","KM/MB (yanvar 2013)",null,null,null,null,null,"KM",0.81,null,null,0,114,null,92.34,4821.4199999999983,null,4821.4199999999983]
["2017-02-11","KM/R (yanvar 2013)",null,null,null,null,null,"KM",0.81,null,null,0,814,null,659.34,4007.4199999999983,null,4007.4199999999983]

{"sheet":"Сверка","index":1,"n_rows":31,"n_cols":12,"rows_kept":31,"cut":false,"hidden":false,"merged":[[1,1,4,1],[2,0,4,0],[5,1,20,1],[21,1,28,1]]}
[]
["Примеч.",null,"Дата","2017-02-03","2017-02-03","2017-02-03","2017-02-04","2017-02-06","2017-02-07","2017-02-08","2017-02-09","2017-02-20"]
[null,null,"Остат.кассы (журнал)",91045.4,{"$f":"D3","v":91045.4},52303.4,48281.2,28309.7,25424.3,71528.72,64128.52,48785.62]
[null,null,"Банк",73000,37000,1000,1000,-2000,-4000,41000,21000,9000]
[null,null,"Остат.кассы (журнал)",94,15523,16195,15173,2479,1138,1068,15047,14704]
[null,"НАМ    ДОЛЖНЫ","Конструктор",50,{"$f":"D6","v":50},50,50,50,50,50,50,50]
[null,null,"Тест",500,500,500,500,500,500,500,500,500]
[null,null,"Эйваз",2000,2000,2000,2000,2000,2000,2000,2000,0]
[null,null,"Гамлет",681,681,681,681,681,681,681,681,681]
[null,null,"PULVER 4266$",null,0,0,0,0,0,0,0,0]
[null,null,"Наконечн. KEMPİ",null,0,0,0,0,0,0,0,0]
[null,null,"Катанка (1,07)",4839,4839,4839,1834,0,0,0,0,0]
[null,null,"Катанка (1,17)",24570,24570,24570,24570,22132,22132,22132,22132,22132]
["(НДС)",null,"МЕТАК",605,605,605,605,605,605,605,605,605]
["проф 3600м Х 0,85=3060 м",null,"МАРС-А",3060,3060,3060,3060,3060,3060,3060,3060,3060]
[null,null,"Эсмира",2150,2150,150,150,150,1000,1000,2000,1000]
[null,null,"Рафик",1320,1320,0,0,0,0,0,0,0]
[null,null,"ЧИП Мимаки",67,67,67,67,67,67,67,67,67]
[null,null,"Фрез Ф3",64,64,64,64,64,64,64,64,64]
[null,null,"spiral fen ücçün",215,215,215,215,215,215,215,215,215]
[null,null,"Сумма",{"$f":"D4+D5+D6+D7+D8+D9+D10+D11+D12+D13+D14+D15+D16+D17+D18+D19+D20","v":113215},92644,53996,49969,30003,27512,72442,67421,52078]
[null,"МЫ    ДОЛЖНЫ","EMBAWOOD",null,{"$f":"D22","v":0},0,0,0,410,1896,3290,3290]
[null,null,"ƏHMƏDOVA",19,19,19,0,0,0,0,0,0]
[null,null,"GLASS HAUS",null,0,0,0,0,0,0,0,0]
[null,null,"ROLAND",null,0,0,0,0,0,0,0,0]
[null,null,null,null,0,0,0,0,0,0,0,0]
[null,null,null,null,0,0,0,0,0,0,0,0]
["1580м Х 1,06=1675м",null,"Стикер",1675,1675,1675,1675,1675,1675,0,0,0]
[null,null,"Сумма",{"$f":"D22+D23+D24+D25+D26++D27+D28","v":1694},{"$f":"E22+E23+E24+E25+E26++E27+E28","v":1694},1694,1675,1675,2085,1896,3290,3290]
[]
[null,null,"Разница",{"$f":"D3-D21+D29","v":-20475.600000000006},95.399999999994179,1.4000000000014552,-12.80000000000291,-18.299999999999272,-2.7000000000007276,982.72000000000116,-2.4800000000032014,-2.3799999999973807]

{"sheet":"Пример","index":2,"n_rows":31,"n_cols":16,"rows_kept":31,"cut":false,"hidden":false,"merged":[[0,13,3,13],[4,13,19,13],[20,13,27,13]]}
["Дата","Наименование","Ед.  изм","Кол-во","Цена","Склад","Литера","Цех","$","Прих.","Расх.","Остат.кассы цеха","Остат. Объедин. кассы ",null,"Дата","2017-02-20"]
["2017-01-30","Faktura № 323 30.01.17",null,null,null,null,null,null,0.81,null,0,null,null,null,"Остат.кассы (журнал)",23660.7]
["2017-01-30","Mişarın itilənməsi (böyük)","əd",1,5,null,"рм","MB",0.81,null,5,null,null,null,"Банк",0]
["2017-01-30","Mişarın itilənməsi (balaca)","əd",1,3,null,"рм","MB",0.81,null,3,null,null,null,"Остат.кассы (журнал)",4793]
["2017-01-30","DS/KM 28915","əd",5000,8.1000000000000003E-2,null,"с","KM",0.81,null,405,null,null,"НАМ    ДОЛЖНЫ","Конструктор",50]
["2017-01-30","Kontur Bəhrəm-2","əd",1,10,null,"пр","SV",0.81,null,10,null,null,null,"Эльдар",500]
["2017-01-30","Dayanacaq",null,1,1,null,"пр","SV",0.81,null,1,null,null,null,"Эйваз",0]
["2017-01-30","D&S dek 2016 KM",null,null,null,null,"в","KM",1.9,13733.3,0,null,null,null,"Гамлет",681]
["2017-01-30","D&S dek 2016 Ş ",null,null,null,null,"в","Ş",1.9,1335.5,0,null,null,null,"PULVER 4266$",7892.1]
["2017-01-30","D&S dek 2016 MB",null,null,null,null,"в","MB",1.9,10003.1,0,null,null,null,"Наконечн. KEMPİ",91.2]
["2017-01-30","D&S dek 2016 R",null,null,null,null,"в","R",1.9,52415.99,0,null,null,null,"Катанка (1,07)",0]
["2017-01-30","D&S dek 2016 SV",null,null,null,null,"в","SV",1.9,11085.13,0,null,null,null,"Катанка (1,17)",13713]
["2017-02-01","Faktura № 324 01.02.17",null,null,null,null,null,null,0.81,null,0,null,null,null,"МЕТАК",5]
["2017-02-01","Rafaelə press detalların düzəldilməsi","əd",1,15,null,"рм","MT",0.81,null,15,null,null,null,"МАРС-А",0]
["2017-02-01","Rafaelə profil əyən üçün mil düzəldilməsi","əd",2,6,null,"рм","MT",0.81,null,12,null,null,null,"Эсмира",5000]
["2017-02-01","Sərdara uc kəsən motorun sarılması",null,1,160,null,"рм","MT",0.81,null,160,null,null,null,"Рафик",0]
["2017-02-01","Yanacaq malyarka üçün",null,180,0.6,null,"рм","MT",0.81,null,108,null,null,null,"ЧИП Мимаки",0]
["2017-02-01","Lezviya bıçaq üçün",null,120,0.125,null,"рм","R",0.81,null,15,null,null,null,"Фрез Ф3",64]
["2017-02-01","Şəffaf şlanq",null,5,0.5,null,"рм","MT",0.81,null,2.5,null,null,null,"spiral fen ücçün",15]
["2017-02-01","Lampa ekonom","əd",10,3.5,null,"рм","MT",0.81,null,35,null,null,null,"Сумма",32804.300000000003]
["2017-02-01","Şurup 50mm (qara)","əd",2000,1.15E-2,null,"рм","MB",0.81,null,23,null,null,"МЫ    ДОЛЖНЫ","EMBAWOOD",5300]
["2017-02-01","Əlcək nazik","əd",5,1.8,null,"рм","MT",0.81,null,9,null,null,null,"ƏHMƏDOVA",628]
["2017-02-01","Kromka",null,750,0.1,null,"с","MB",0.81,null,75,null,null,null,"GLASS HAUS",0]
["2017-02-01","Silikon isti ",null,36,0.27,null,"рм","R",0.81,null,9.7200000000000006,null,null,null,"ROLAND",3214]
["2017-02-01","Əlcək qalın","əd",36,2,null,"рм","MT",0.81,null,72,null,null,null,null,0]
["2017-02-01","Fəhlə",null,1,1,null,"рм","MT",0.81,null,1,null,null,null,null,0]
["2017-02-01","Şurup Ø75mm (qara)","əd",500,1.84E-2,null,"рм","MB",0.81,null,9.1999999999999993,null,null,null,"Стикер",0]
["2017-02-20","Faktura № 325 01.02.17",null,null,null,null,null,null,0.81,null,0,null,null,null,"Сумма",9142]
["2017-02-20","CO2","balon",1,35,null,"рм","MT",0.81,null,35]
["2017-02-20","Antifriz (Ford)","l",5,2.8,null,"рм","SV",0.81,null,14,null,null,null,"Разница",-1.6000000000021828]
[null,null,null,null,null,null,null,null,null,null,null,null,null,null,"Разница",-1.2999999999992724]

{"sheet":"Для печати","index":3,"n_rows":6,"n_cols":16,"rows_kept":6,"cut":false,"hidden":false,"merged":[[2,13,5,13]]}
[]
[null,null,null,10,15]
["Дата","Наименование","Ед.  изм","Кол-во","Цена","Склад","Литера","Цех","$","Прих.","Расх.","Остат.кассы цеха","Остат. Объедин. кассы ",null,"Дата","2017-02-20"]
[{"$f":"Пример!A&D2","v":{"$error":"#NAME?"}},"Faktura № 323 30.01.17",null,null,null,null,null,null,0.81,null,0,null,null,null,"Остат.кассы (журнал)",23660.7]
["2017-01-30","Mişarın itilənməsi (böyük)","əd",1,5,null,"рм","MB",0.81,null,5,null,null,null,"Банк",0]
["2017-01-30","Mişarın itilənməsi (balaca)","əd",1,3,null,"рм","MB",0.81,null,3,null,null,null,"Остат.кассы (журнал)",4793]

{"sheet":"Печать","index":4,"n_rows":9,"n_cols":6,"rows_kept":9,"cut":false,"hidden":false,"merged":[]}
[]
[]
[null,"2017-02-08","Şüşələr (S/M \"Ulduz\")","komp",50,15]
[null,"2017-02-08","KM/Ş (dekabr 2012)"]
[null,"2017-02-08","KM/MB (deabr 2012)"]
[null,"2017-02-08","KM/R (dekabr 2012)"]
[null,"2017-02-08","Şüşələr \"Piramida\" (280AZN)","komp",1,47]
[null,"2017-02-08","D&S (dekabr 2012)"]
[null,"2017-02-08","D&S (yanvar 2013)(hissə)"]